00663nam a2200157Ia 4500008004100000100002700041245014000068245005600208260005300264260000900317300001100326650001500337856006100352999001900413952007300432170221s9999 xx 000 0 und d aFaina Lazarevna Ratner aIntegrating the Educational Principles of Maria Montessori in the Process of Pedagogical Support for Pupils with Learning Disabilities  cFaina Lazarevna Ratner, Victoria Leonidovna Efimova bInternational Review of Management and Marketing c2016 a6 : 3S xMarketing. uhttp://www.econjournals.com/index.php/irmm/issue/view/75 c308315d308315 001040aCLbCLd2017-02-21l0r2017-02-21 00:00:00w2017-02-21yFOJ